000 00285nam a2200121Ia 4500
008 190216s9999||||xx |||||||||||||| ||und||
100 _aPureck Edward M
245 0 _aElectricity&Magnetisam
260 _bTata Mcgrawhill Publishers
300 _a484
650 _aPhysics
942 _cBK
999 _c34123
_d34123